000 00723nam a2200193 a 4500
003 0
005 20250619090011.0
008 021125s19uu xx 00 eng d
050 _aPHS HQ 1090
_b.Ev93 2000
100 _aEvangelista, Kathleen M.
245 _aBoys should not cry! :
_bperspective and influence among Filipino male teenagers /
_cKathleen M. Evangelista.
260 _aLas PiƱas City, Philippines :
_bSouthville International School and Colleges,
_c2000.
300 _a42 pages :
_billustrations ;
_c28 cm.
504 _aIncludes bibliographical references.
650 _aMasculinity
_zPhilippines.
650 _aTeenage boys
_zPhilippines
_xAttitudes.
650 _aSex role
_zPhilippines.
942 _2lcc
_cPASS
999 _c96363
_d96363